[Event "Benasque op 16th"]
[Site "Benasque"]
[Date "1996.??.??"]
[Round "8"]
[White "Cifuentes Parada, Roberto"]
[Black "Dobrovolsky, Ladislav"]
[Result "1-0"]
[WhiteElo "2500"]
[BlackElo "2395"]
[Annotator "Cifuentes Parada,L"]
[PlyCount "97"]
[EventDate "1996.07.??"]
[EventType "swiss"]
[EventRounds "9"]
[EventCountry "ESP"]
[SourceTitle "CBM 054"]
[Source "ChessBase"]
[SourceDate "1996.10.01"]
[SourceVersion "1"]
[SourceVersionDate "1996.10.01"]
[SourceQuality "1"]

1. c4 d6 2. d4 e5 3. Nc3 exd4 4. Qxd4 Nc6 5. Qd2 g6 (5... Nf6 6. g3 (6. e4 $5
g6 7. Nge2 Bg7 8. Nf4 O-O 9. Be2 a6 10. O-O Rb8 11. f3 Nd7 12. b3 $14) (6. Nf3
a5 (6... g6 7. b3 Bg7 8. Bb2 O-O 9. e3 Ne5 10. Be2 Bg4 $10 {
Michaelsen-Cifuentes, BW 1992}) 7. e3 Be6 8. Be2 d5 9. cxd5 Nxd5 $10 {
Onischuk-Oratovsky, jr 1993}) 6... Be6 (6... g6 7. Bg2 Bg7 8. Nh3 O-O 9. Nf4 a5
10. O-O Re8 11. Re1 a4 12. Rb1 Nd7 13. b3 axb3 14. axb3 $14) (6... a5 7. Bg2
Be6 8. b3 a4 9. Rb1 axb3 10. axb3 Be7 11. Nh3 O-O 12. O-O h6 13. Bb2 $14 {
Petursson-Okhotnik, Belgrade 1988}) 7. e4 Be7 8. f3 $1 (8. b3 $2 Nxe4 9. Nxe4
d5 10. Bg2 $1 Bb4 11. Nc3 d4 12. Bb2 Qf6 13. Nge2 O-O-O $17 {Franco-Romero,
Leon 1990}) 8... O-O 9. b3 a5 10. Nge2 a4 $5 11. Rb1 axb3 12. axb3 Ne5 13. Bg2
Bh3 14. O-O Bxg2 15. Kxg2 Re8 16. Bb2 $14 {Bareev-Mokry, Trnava 1989}) 6. b3
Bg7 7. Bb2 Nf6 8. g3 O-O 9. Bg2 (9. Nh3 $5) 9... Re8 10. Nh3 Bxh3 (10... d5 11.
cxd5 (11. Nxd5 $1 Nxd5 12. Bxg7 Ne3 (12... Bxh3 13. Bxh3 Ndb4 14. Qc3 Qd3 15.
O-O $1 Rxe2 16. Qf6 $1 Rd8 17. Bh8 Qd4 18. Rad1 Qxf6 19. Bxf6 Rxd1 20. Rxd1
Nxa2 21. Rd7 $18) 13. fxe3 Qxd2+ 14. Kxd2 Kxg7 15. Nf4 $14) 11... Bxh3 $1 12.
Bxh3 Nxd5 13. Nxd5 Bxb2 14. Rd1 Bg7 15. Bg2 Nd4 16. e3 c6 $10) 11. Bxh3 Ne4 12.
Nxe4 Rxe4 13. Bg2 Bxb2 14. Qxb2 Re7 15. O-O $14 Qd7 16. Rfd1 Rae8 17. e3 Qf5 $6
(17... b6 $142) 18. Rd5 Re5 19. Rad1 h5 20. f4 $1 Rxd5 21. cxd5 Nb4 22. e4 Qg4
23. Rf1 $16 a5 24. a3 Nd3 25. Qc2 (25. Qd4 Qe2 26. Bf3 Qc2 $13) (25. Qc3 Qe2) (
25. Qd2 Nc5 26. Qxa5 Nxe4 27. Qxc7 Nd2 $132) 25... Nc5 26. b4 axb4 27. axb4 Na6
28. Qa4 $5 (28. Qc4) 28... Re7 29. Qb5 Qc8 30. h4 (30. Ra1 Qa8 31. Kh1 Qa7)
30... c5 31. dxc6 Qxc6 (31... bxc6 32. Qb6 Nb8 33. Rd1 $16) 32. Qg5 Qe8 $8 (
32... Rxe4 33. Bxe4 Qxe4 34. Qd8+ Kg7 35. Qxd6 Nxb4 36. Qd2 $18) (32... Qc7 33.
f5 $1 Nxb4 34. f6 $18) 33. Qd5 $1 (33. f5 $2 Re5 $1) 33... Qc6 (33... Nxb4 34.
Qxd6 Nc6 35. e5 $16) 34. Qd4 Nb8 35. Rd1 Qc8 36. Kh2 Kh7 37. Qf6 $18 Qe6 38.
Rxd6 Qxf6 39. Rxf6 Nc6 40. b5 Nd4 (40... Na7 41. b6 Nb5 42. e5 Kg7 43. Kg1 $18)
41. b6 Ne6 42. e5 Kg8 43. Bh3 $1 Kf8 44. Kg2 Ke8 45. Kf3 (45. Bxe6 $1 Rxe6 46.
Rxe6+ fxe6 47. Kf3 Kd7 48. g4 Kc6 49. gxh5 gxh5 50. f5 $1 $18) 45... Kf8 46.
Ke4 Ke8 47. Bxe6 Rxe6 48. f5 gxf5+ 49. Kxf5 1-0

[Event "POR-ch m"]
[Site "Barreiro"]
[Date "1996.??.??"]
[Round "5"]
[White "Silva, Fernando"]
[Black "Damaso, Rui"]
[Result "1/2-1/2"]
[WhiteElo "2365"]
[BlackElo "2415"]
[Annotator "Costa,L"]
[PlyCount "27"]
[EventDate "1996.??.??"]
[EventType "match"]
[EventRounds "6"]
[EventCountry "POR"]
[SourceTitle "EXT 1997"]
[Source "ChessBase"]
[SourceDate "1996.11.15"]
[SourceVersion "1"]
[SourceVersionDate "1996.11.15"]
[SourceQuality "1"]

1. c4 g6 2. g3 Bg7 3. Bg2 d6 4. Nc3 e5 5. d3 f5 6. e3 (6. f4 Nf6 7. Nf3 Nc6 8.
O-O O-O 9. Rb1 Nd4 10. e3 Nxf3+ 11. Bxf3 c6 12. b4 Be6 13. b5 e4 14. dxe4 Bxc4
15. bxc6 bxc6 16. Rf2 fxe4 17. Nxe4 Nxe4 18. Bxe4 d5 {= Stean,M-Uhlmann,W/
Hastings 22/(46) 1975}) 6... Nf6 (6... a5 7. Nge2 Nf6 8. b3 c6 9. Bb2 O-O 10.
O-O Na6 11. Rc1 Bd7 12. Na4 b6 $1 $8 13. Qd2 (13. d4 e4 14. c5 Nd5 $5 (14... b5
15. Nb6 Rb8 16. Qd2 Rxb6 17. cxb6 Qxb6 $13)) 13... Rb8 14. Rfd1 Re8 $6 (14...
b5 $5 15. cxb5 cxb5 16. Nac3 Nc7 $10) 15. Nac3 Kh8 16. e4 $1 c5 $8 (16... b5
17. exf5 $1 gxf5 18. cxb5 cxb5 19. d4 e4 20. Nf4 $16) 17. f4 $14 {Serper,
G-Nadyrhanov,S/Uzbekistao1992}) 7. Nge2 O-O 8. O-O c6 9. b3 $5 (9. Rb1 Be6 10.
b4 d5 11. cxd5 cxd5 12. Bb2 (12. Qb3 Bf7 13. d4 e4 14. a4 Nc6 15. f4 exf3 16.
Bxf3 Ne4 $15 {Banas-Palatnik, Trnava 1987}) 12... Bf7 13. Na4 Qe7 14. Qd2 Nbd7
15. Rfc1 Rac8 $10 {Harasta-Howell, Capelle le Grande 1991}) (9. b4 a6 (9... Be6
10. b5 d5 11. bxc6 Nxc6 $5 (11... bxc6 12. Qa4 $5 (12. cxd5 cxd5 13. d4 e4 14.
Ba3 Re8 15. Na4 g5 16. Nc5 Bf7 $132) 12... g5 13. Ba3 Rf7 14. Rac1 Rd7 15. Bb4
$1 a5 16. Ba3 $36 {Ljubojevic-Kasparov, Brussels blitz 1987}) 12. c5 Qd7 13.
Bb2 Rab8 14. Rc1 Rfc8 15. Nb5 b6 $10 {Ubilava-Eslon, Saragosa 1992}) 10. a4 Be6
11. Ba3 Qc7 (11... Nbd7 12. Qd2 Qc7 13. Rfc1 Bf7 14. Rab1 Rfe8 15. Bb2 a5 16.
bxa5 Nc5 17. Ba3 Rxa5 18. Qc2 Rea8 19. Bb4 R5a7 20. Ra1 Qe7 $10 {
Urday-Damljanovic, Oviedo activ 1993}) 12. b5 axb5 13. axb5 c5 14. Bb2 Nbd7 $10
{Schneider-Mestel, Thessaloniki ol 1984}) 9... Be6 10. Ba3 (10. Bb2 Nbd7 11.
Qd2 (11. Rc1 Bf7 12. e4 Qe7 13. Qd2 f4 $5 14. gxf4 Bh6 15. Qc2 Nh5 16. fxe5
dxe5 $44 {Serper-Polugaevsky, Tilburg 1992}) 11... Qe7 (11... Nb6 $6 12. f4 Qd7
13. Rad1 Rad8 14. h3 Nh5 15. Qe1 exf4 16. gxf4 $14 {Bischoff-Santo Roman, EU
CUP 1991}) 12. Rac1 h5 13. Ba3 Bf7 14. Rce1 h4 15. gxh4 $1 Ne8 16. h5 g5 $132 {
Ehlvest-M.Gurevich, Reggio Emilia 1991}) 10... Re8 11. Rc1 Na6 $146 (11... Bf7
12. Qd2 Na6 13. Kh1 Qd7 14. f4 Rad8 15. e4 $14 {Ehlvest-Leriche, FRA t-ch 1991}
) 12. d4 Bf7 13. dxe5 dxe5 14. Qxd8 1/2-1/2

[Event "Bayern-chI Bank Hofmann 5th"]
[Site "Bad Wiessee"]
[Date "2001.11.04"]
[Round "9"]
[White "Miezis, Normunds"]
[Black "Dautov, Rustem"]
[Result "0-1"]
[WhiteElo "2524"]
[BlackElo "2630"]
[Annotator "Dautov,R"]
[PlyCount "126"]
[EventDate "2001.10.27"]
[EventType "swiss"]
[EventRounds "9"]
[EventCountry "GER"]
[SourceTitle "CBM 086"]
[Source "ChessBase"]
[SourceDate "2002.02.05"]
[SourceVersion "1"]
[SourceVersionDate "2002.02.05"]
[SourceQuality "1"]

1. c4 e5 2. Nc3 Bb4 3. g3 Bxc3 4. dxc3 d6 5. e4 {Normunds Miezis ist ein
großer Kenner der entstandenen Bauernstruktur. Laut der allgemeinen Meinung
sind die schwarzen Gegenchancen vorzüglich. Trotzdem wählt Miezis mit
beneidenswerter Konstanz diesen Aufbau als Weißer beinahe in jeder Partie -
und erzielt dabei gute Ergebnisse!} Ne7 6. Nf3 Nbc6 (6... O-O 7. Bg2 Nbc6 8.
O-O Be6 9. b3 h6 10. Ba3 b6 11. h3 Qd7 12. Kh2 Rae8 13. Qe2 a5 14. Rad1 a4 15.
b4 Qc8 16. Rfe1 Qb8 17. Nh4 Nd8 18. Bc1 c5 19. g4 f6 20. Nf5 $14 {Miezis,
N-Pavlovic,M/Winterthur 2001}) 7. Bg2 h6 ({Bei der Vorbereitung konzentrierte
ich mich hauptsächlich auf die folgende Partie:} 7... Be6 8. b3 h6 9. Be3 $6
Qd7 10. h3 f5 11. exf5 Nxf5 12. Qd2 O-O $15 {Schwarz kann jederzeit auf e3
tauschen.} 13. O-O-O a6 14. Nh4 Nxh4 15. gxh4 Rad8 16. Rhg1 Kh7 17. h5 Rf6 18.
Bh1 Qf7 $15 {Miezis,N-Timman,J/Tallinn 2001}) 8. Qe2 Be6 9. b3 Qd7 10. h3 {
Miezis macht nicht den gleichen Fehler zum zweiten Mal, er verzichtet auf die
Läuferentwicklung auf e3.} f6 (10... a6 11. Ba3 b5 12. c5 d5 13. Rd1 f6 14. O-O
O-O 15. Nh4 d4 16. Kh2 Rad8 17. Nf3 d3 18. Qe1 f5 19. exf5 Bxf5 20. Bc1 Ng6 21.
Nd2 $13 {Miezis,N-Czebe,A/Winterthur 2001}) 11. Ba3 $1 O-O 12. Rd1 b6 13. Nd2
Rae8 14. Bc1 Ng6 ({Die Öffnung der f-Linie mit} 14... f5 {ist für Schwarz
ungünstig - der Bg2 erwacht zum Leben, außerdem wird Weiß froh sein, den
Vorposten e4 in Besitz zu nehmen.} 15. exf5 Nxf5 (15... Bxf5 16. Ne4 $11) 16.
O-O $11) 15. Qh5 Qf7 {Erlaubt Weiß die Rochade, wonach die Stellung vollkommen
ausgeglichen wird.} (15... Nge7 16. Qe2 $11) 16. O-O $11 a5 17. Kh2 Nb8 18.
Rde1 Nd7 19. Qe2 Kh8 20. Bf3 ({Auch Weiß ist nicht bereit, das Spiel zu öffnen
:} 20. f4 $2 exf4 21. gxf4 f5 $15) 20... Ne7 21. Bg2 Nc5 {Mit der Idee 22...f5
23.exf5 Bxf5, ><d3.} 22. b4 Nd7 23. a3 Qg8 {Hier hatte ich nicht viel Zeit,
womit man das lange "Wassertreten" erklären kann. Schwarz hat sowieso keinen
klaren Plan und muß auf seine Chance warten.} 24. Qd3 Qf7 25. Qe2 Qg8 26. Qd3
Rd8 27. Re3 Nc6 28. Bb2 Qf7 29. Rfe1 Ne7 30. Rf1 Nb8 31. Qe2 Rfe8 32. Bc1 {
Dank diesem Zug bekommt Schwarz endlich seine Chance, den Spielverlauf zu
verändern.} ({Einfacher war} 32. Qd3 Nbc6 33. Ree1 $11 {/\} axb4 $2 34. cxb4
$14) 32... Nbc6 33. Bb2 axb4 $5 34. cxb4 ({Zu unklarem Spiel mit gegenseitigen
Chancen führte} 34. axb4 Ra8 35. f4 Ra2 36. Bc1 exf4 37. gxf4 Rf8 $13) 34...
Nd4 35. Qd3 c5 36. f4 {Der Springer steht prächtig auf d4, aber was wird
Schwarz gegen den kommenden gegnerischen Angriff (f4-f5, g4, h4) unternehmen?}
g5 $5 37. f5 {Miezis will auf Nummer sicher gehen und schließt die Stellung.
Mit etwas mehr Bedenkzeit auf der Uhr hätte er sich vielleicht für ein
schärferes Vorgehen entschieden.} (37. fxg5 hxg5 38. Rf2 (38. Bxd4 exd4 39.
Ref3 Ng8 $15) 38... Qg6 39. Re1 Rf8 $13) (37. Ree1 $5 {/\Rf2, Ref1}) 37... Bd7
38. b5 Ra8 {Dank dem Bauern auf g5 braucht Schwarz den gegnerischen
Königsangriff nicht zu befürchten. Aber wie kann er in dieser zugemauerten
Stellung auf Gewinn spielen?} 39. Rc1 ({Mit} 39. g4 $5 $11 {hätte Miezis seine
Festung perfekt machen können.}) 39... d5 $1 {Seit dem 12. Zug hat sich kein
schwarzer Bauer auf ein weißes Feld getraut, und jetzt kommt ein solcher Zug!
Erneut wird die Bauernstruktur verändert, und der zweite schwarze Springer
bekommt einen schönen Posten (d6).} 40. exd5 $2 ({Besser war} 40. cxd5 Bxb5 41.
Nc4 Nc8 42. Qd1 Bxc4 (42... Ra4 43. Bf1 {/\Nxe5}) 43. Rxc4 Nd6 44. Rc1 Rec8 45.
Bf1 Kg7 $11) 40... Nexf5 41. Ree1 Nd6 $15 42. g4 $2 (42. Ne4 Nxe4 43. Bxe4 f5
44. Bg2 f4 $15) 42... h5 43. gxh5 Qxh5 44. Rf1 Kg7 45. Rce1 {Schwarz hat
deutliche Fortschritte gemacht. Naheliegend wäre nun die Vorbereitung von
f6-f5. Es gibt aber einen anderen, besseren, Weg.} Bf5 $1 46. Be4 (46. Ne4 $2
Rh8 47. Re3 Qg6 $19) (46. Qe3 $2 Nc2 $19) ({Zäher war} 46. Qg3 Ne2 $1 47. Qf3
Qxf3 48. Rxf3 Nf4 49. Bf1 Kg6 $17 {/\Rh8,><h3}) 46... Bd7 47. Bg2 Bf5 48. Be4
Nxe4 $1 49. Nxe4 Qg6 $1 $19 {Der entscheidende Zug. Weiß ist hilflos gegen das
Manöver Rh8-h4.} (49... Rh8 $2 50. Rxf5 Nxf5 51. Nxf6 $1 $40) 50. Re3 Rh8 51.
Bxd4 exd4 52. Rxf5 Qxf5 {Der Rest ist leicht nachvollziebar.} 53. Rf3 Qe5+ 54.
Kg2 g4 55. Rg3 f5 56. Nf2 Rae8 57. hxg4 f4 58. Rf3 Qg5 59. Qd1 Re3 60. Qa4 Rhe8
61. Qa7+ R8e7 62. Qxb6 Rxf3 63. Kxf3 Qh4 0-1

[Event "Cannes"]
[Site "Cannes"]
[Date "1986.??.??"]
[Round "9"]
[White "Karlsson, Lars"]
[Black "Kouatly, Bachar"]
[Result "1-0"]
[WhiteElo "2520"]
[BlackElo "2445"]
[Annotator "Dolmatov,S"]
[PlyCount "63"]
[EventDate "1986.02.??"]
[EventType "tourn"]
[EventRounds "9"]
[EventCountry "FRA"]
[EventCategory "10"]
[SourceTitle "MCL"]
[Source "ChessBase"]
[SourceDate "1999.07.01"]
[SourceVersion "1"]
[SourceVersionDate "1999.07.01"]
[SourceQuality "1"]

1. c4 e5 2. g3 g6 3. Bg2 Bg7 4. Nc3 f5 5. e3 Nf6 6. Nge2 O-O 7. O-O d6 8. d3 c6
9. b4 a6 10. a4 Be6 11. Ba3 Qc7 12. Qb3 Nbd7 13. Rfc1 Bf7 14. b5 axb5 15. axb5
e4 16. d4 (16. dxe4 fxe4 17. Nxe4 Nxe4 18. Bxe4 Bxa1 19. Rxa1 Nc5 20. Qc2 Nxe4
$17) 16... Nb6 $6 (16... c5 $132) 17. bxc6 bxc6 (17... Bxc4 18. Qb4 (18. Bxd6
Rxa1 19. Rxa1 Qxc6 20. Qb4 Nbd5 21. Qc5 Rd8 22. Qxc6 bxc6 23. Bc5 $10) 18...
bxc6 19. Qxd6 Qxd6 20. Bxd6 $10) 18. Bxd6 Qxd6 19. Qxb6 Rxa1 20. Rxa1 Bxc4 21.
Bf1 Nd7 $6 (21... Rb8 22. Qa7 Nd5 $14) 22. Qb7 c5 23. Nf4 Bxf1 24. Kxf1 Rb8 (
24... cxd4 25. Nb5 Nc5 26. Nxd6 Nxb7 27. Nxb7 dxe3 28. Rc1 exf2 $14) 25. Ra8
Rxa8 (25... cxd4 26. Nb5 $18) 26. Qxa8+ Nf8 27. Qa3 (27. Nb5 $2 Qd7 $10) 27...
Nd7 28. Qa2+ Kh8 29. Qf7 Nf8 $2 (29... cxd4 $32 30. Nb5 Qc6 31. Qe8+ Bf8 32.
Nxd4 Qd6 $14) 30. Ncd5 $18 Qa6+ 31. Kg2 Qc4 32. dxc5 1-0

[Event "Dos Hermanas"]
[Site "Dos Hermanas"]
[Date "1994.??.??"]
[Round "7"]
[White "Lautier, Joel"]
[Black "Rivas Pastor, Manuel"]
[Result "1/2-1/2"]
[WhiteElo "2625"]
[BlackElo "2505"]
[Annotator "Ernst,T"]
[PlyCount "110"]
[EventDate "1994.04.??"]
[EventType "tourn"]
[EventRounds "9"]
[EventCountry "ESP"]
[EventCategory "16"]
[SourceTitle "CBM 041"]
[Source "ChessBase"]
[SourceDate "1994.08.01"]
[SourceVersion "1"]
[SourceVersionDate "1994.08.01"]
[SourceQuality "1"]

1. d4 d6 2. c4 e5 3. Nf3 e4 4. Ng5 f5 5. Nc3 Be7 6. Nh3 c6 7. g3 (7. Bf4 {
Gulko,B-Rivas Pastor,M/Dos Hermanas (09)/1994/}) 7... Nd7 (7... Na6 8. Bg2 Nf6
9. O-O O-O 10. d5 Nc7 $10 {Neurohr,S-Lau,R/BL/1990/}) (7... Nf6 8. Bg2 O-O (
8... Nbd7 9. O-O Nb6 10. b3 d5 11. c5 Nbd7 $10 {Volke,K-Greenfeld,A/Munich op/
1992/}) 9. Bg5 Be6 10. b3 d5 11. Nf4 Bf7 $10 {Ginting,N-Romero Holmes,A/Novi
Sad ol/1990/}) 8. Nf4 Nb6 9. Qb3 g5 10. Nh5 Nf6 11. Nxf6+ Bxf6 12. d5 cxd5 13.
cxd5 Bd7 14. Bg2 O-O 15. O-O Qc7 $6 (15... Rc8 16. a4 a5 17. Nb5 $14) 16. Be3
Qc4 (16... Nc4 $5) 17. Rfc1 Qxb3 18. axb3 Rfc8 19. Ra5 Bd8 20. Rca1 a6 21. Bd4
Bc7 22. e3 Rf8 23. g4 $1 Rae8 24. gxf5 Bxf5 25. Bxb6 Bxb6 26. R5a4 $14 Bc5 27.
b4 (27. Bxe4 b5 28. Bxf5 bxa4 29. Be6+ Kh8 30. bxa4 Rb8 $13) 27... Bb6 28. b5
axb5 29. Rb4 Ra8 (29... Bc5 $2 30. Rxb5 b6 31. b4 $18) 30. Rb1 $1 (30. Rxa8 $6
Rxa8 31. Bxe4 Bd7 32. Nxb5 Bc5 33. Rb3 Bh3 34. Nc3 Ra1+ 35. Bb1 b6 $17) 30...
Ba5 31. Rxb5 Bxc3 32. bxc3 Rac8 33. R1b3 Rf7 34. Bf1 Bg4 35. Ra3 Rfc7 36. c4
Kf8 37. Rb6 Ke7 38. Ra7 Rb8 39. Kg2 Bf3+ 40. Kg3 h5 41. h4 g4 42. Ra5 Rd8 43.
Ra7 Rb8 44. Ra5 Rd8 45. c5 (45. Kf4 $6 Rf8+ 46. Kg5 Rg8+ $40) 45... dxc5 (45...
Rxc5 46. Rxb7+) 46. Re6+ Kf8 (46... Kd7 $2 47. Bb5+ $18) 47. Bc4 $44 Rf7 48.
Rh6 {[#]} Bd1 49. Rh8+ Kg7 $6 (49... Ke7 $5 50. d6+ Rxd6 51. Bxf7 Kxf7 52. Rxc5
Rf6 53. Rh7+ (53. Rc7+ Kg6 54. Rg8+ Kh6 $13) 53... Kg6 (53... Ke6 $1 54. Rxb7
Rf3+ 55. Kg2 Rh3 56. Rb6+ Ke7 $44) 54. Rxb7 Rf3+ 55. Kg2 Rh3 56. Rc6+ Kf5 57.
Rb5# $18) 50. Rxd8 Rf3+ 51. Kg2 Rh3 {[#]} 52. Kf1 (52. f4 $5 exf3+ 53. Kg1 g3
54. Rd7+ Kf6 55. Rxb7 Rh2 56. Ra6+ Kf5 57. Rf7+ Kg4 58. Rg6+ Kxh4 (58... Kh3 $2
59. Rxg3+ Kxg3 60. Rg7+ Kh3 61. Bf1+ Rg2+ 62. Bxg2+ fxg2 63. d6 $18) 59. Rf4+
Kh3 60. Bf1+ g2 61. Bd3 Rh1+ 62. Kf2 $18) 52... Rh1+ 53. Kg2 Rh3 54. Kf1 Rh1+
55. Kg2 Rh3 1/2-1/2

[Event "Karditsa"]
[Site "Karditsa"]
[Date "1994.??.??"]
[Round "4"]
[White "Pavlovic, Milos"]
[Black "Grivas, Efstratios"]
[Result "1/2-1/2"]
[WhiteElo "2480"]
[BlackElo "2505"]
[Annotator "Ftacnik,L"]
[PlyCount "86"]
[EventDate "1994.03.??"]
[EventType "tourn"]
[EventRounds "11"]
[EventCountry "GRE"]
[EventCategory "10"]
[SourceTitle "CBM 043"]
[Source "ChessBase"]
[SourceDate "1994.12.01"]
[SourceVersion "1"]
[SourceVersionDate "1994.12.01"]
[SourceQuality "1"]

1. c4 g6 2. g3 Bg7 3. Bg2 e5 4. Nc3 d6 5. d3 Nd7 6. e4 Ne7 7. Nge2 O-O 8. Be3 (
8. O-O f5 9. Be3 Nf6 10. h3 c6 $13) 8... f5 9. Qd2 Nf6 10. Bg5 $1 (10. Bh6 $2
Bxh6 $1 11. Qxh6 fxe4 12. Nxe4 (12. dxe4 $2 Ng4) 12... Nf5 $15 (12... Bg4 $4
13. Nxf6+ Rxf6 14. Qg5 $18)) 10... c6 11. O-O Be6 12. Rae1 $1 (12. b3 d5 $13)
12... Qd7 (12... d5 $2 13. exd5 cxd5 14. Nf4 $1 $16) 13. b3 d5 (13... b5 $5)
14. f4 $1 $14 dxc4 $1 (14... exf4 $2 15. exd5 cxd5 16. Nxf4 $18) (14... fxe4 $2
15. fxe5 Ng4 16. dxe4 $18) (14... dxe4 $2 15. fxe5 exd3 (15... Ng4 16. d4 $18)
16. exf6 dxe2 17. Qxe2 Bxf6 18. Bxf6 Rxf6 19. Qe5 Kf7 20. Ne4 $18) 15. fxe5
cxd3 $1 (15... Ng4 $2 16. d4 $18) 16. exf6 dxe2 17. Qxd7 $1 (17. Qxe2 $2 Bxf6
18. Bxf6 Rxf6 19. exf5 Qd4+ $19) 17... Bxd7 $1 (17... exf1=Q+ $2 18. Bxf1 Bxd7
19. Bc4+ Rf7 20. e5 $3 (20. fxg7 $2 Re8 $13) 20... b5 21. e6 bxc4 22. exf7+ $18
) 18. Rxe2 (18. fxg7 $2 exf1=Q+ 19. Bxf1 Rf7 20. Bc4 Kxg7 21. Bxf7 Kxf7 22.
Bxe7 Kxe7 23. exf5+ Kd6 $15) 18... Bxf6 19. Bxf6 Rxf6 20. exf5 Kf8 $1 (20...
Re8 $2 21. Ne4 $16) 21. Rd2 Be8 22. g4 $5 (22. fxg6 Rxf1+ 23. Bxf1 hxg6 $14)
22... gxf5 23. gxf5 Bf7 $1 {><d5, f5} 24. Rd7 Rb8 25. Re1 (25. Bh3 $2 Ke8 $1
26. Rd2 Bd5 $15) 25... Nxf5 26. Ne4 Rg6 $1 27. Rf1 (27. Kh1 $5) 27... Rxg2+ 28.
Kxg2 Ne3+ 29. Kf2 Nxf1 30. Kxf1 Bg6 $1 $10 31. Nc5 Ke8 (31... b6 $5) 32. Rg7
Rd8 $1 33. Rxb7 Rd5 34. Ne6 Re5 35. Nd4 (35. Ng7+ $2 Kf8 36. Rxa7 Re7 $19) (35.
Nc7+ $2 Kd8 36. Rxa7 Re7 $19) 35... Bd3+ 36. Kf2 c5 37. Nc6 Re2+ 38. Kg3 Rxa2
39. Nxa7 Rb2 40. Nc8 c4 41. Nd6+ Kf8 42. bxc4 (42. Rf7+ Kg8 43. bxc4 Bxc4 44.
Nxc4 Rxh2 $1 $10) 42... Rxb7 43. Nxb7 Bxc4 1/2-1/2

[Event "EU-Cup 09th final"]
[Site "Hilversum"]
[Date "1993.12.10"]
[Round "1"]
[White "Kosten, Anthony C"]
[Black "Sokolov, Ivan"]
[Result "1-0"]
[WhiteElo "2495"]
[BlackElo "2610"]
[Annotator "Ftacnik,L"]
[PlyCount "109"]
[EventDate "1993.12.10"]
[EventType "team-k.o."]
[EventRounds "3"]
[EventCountry "NED"]
[SourceTitle "EXT 2020"]
[Source "ChessBase"]
[SourceDate "2019.10.17"]
[SourceVersion "1"]
[SourceVersionDate "2019.10.17"]
[SourceQuality "1"]
[WhiteTeam "La Dame Blanche Auxerre"]
[BlackTeam "Sarajevo Bosna"]
[WhiteTeamCountry "FRA"]
[BlackTeamCountry "BIH"]

1. c4 e5 2. g3 f5 3. Bg2 Nf6 4. Nc3 c6 5. d4 e4 6. f3 $5 (6. Nh3) 6... Bb4 7.
Qb3 c5 $5 (7... Qe7 8. Bg5 Bxc3+ 9. Qxc3 d5 $14) (7... Na6 8. a3 Ba5) 8. a3 Qa5
(8... Bxc3+ 9. Qxc3 cxd4 (9... d5 10. cxd5 cxd4 11. Qxd4) 10. Qxd4 d5 (10...
Nc6 11. Qd6 $14) 11. cxd5 Nc6 12. Qc4 Qxd5 13. Qxd5 Nxd5 14. fxe4 Nd4 $1 $132)
9. Bg5 O-O 10. Bxf6 Bxc3+ (10... Rxf6 11. O-O-O (11. fxe4 $5 Nc6 $1 12. O-O-O
Nxd4 13. Rxd4 Bxc3 14. Rd3 Bd4 {/\ Rb6}) 11... Bxc3 12. Qxc3 Qxc3+ 13. bxc3
cxd4 14. cxd4 Rc6 15. fxe4 Rxc4+ 16. Kb2 Nc6 17. e3 $14) 11. Qxc3 Qxc3+ 12.
bxc3 exf3 13. Nxf3 Rxf6 14. O-O-O $1 cxd4 (14... d6 15. dxc5 dxc5 16. Ne5 $16)
15. Nxd4 $1 Nc6 16. Rhf1 Nxd4 (16... Ne7 17. e4 fxe4 18. Rxf6 gxf6 19. Bxe4 d6
20. Re1 $16) 17. cxd4 Rb8 (17... d6 18. Bd5+ Kf8 (18... Be6 $2 19. Rxf5 $1) 19.
e4 fxe4 20. Rxf6+ gxf6 21. Bxe4 $16) 18. Bd5+ Kh8 $2 (18... Kf8 19. e4 d6 20.
exf5 Bxf5 21. g4 $1 Bxg4 $140 22. Rxf6+ gxf6 23. Rg1 h5 24. h3 Bc8 25. Rg8+ $16
) 19. g4 $1 (19. e4 d6 20. exf5 Bxf5 $13) 19... fxg4 (19... f4 20. g5 Rf5 21.
e3 Rxg5 22. Rxf4 $18) 20. e4 b6 (20... d6 $2 21. e5 dxe5 22. dxe5 Rxf1 23. Rxf1
Bd7 24. e6 Ba4 25. e7 $18) 21. e5 Rxf1 22. Rxf1 Ba6 23. Rf7 Rd8 24. Kd2 h6 25.
Ke3 Kh7 26. Kf4 Kg6 27. Rf5 Kh7 (27... Rc8 28. Be4 Rxc4 29. Kxg4 (29. e6 $6
dxe6 30. Ra5+ Kf6 31. Rxa6 Rxd4 $13) 29... Kh7 30. Rf6+ g6 31. Rd6 $18) 28.
Kxg4 Bc8 29. Rf7 Kg6 (29... d6+ 30. e6 Re8 31. Kf5 (31. Be4+ $2 Kg8 32. d5 Rxe6
$1) 31... a6 32. a4 a5 33. h4 $18) 30. h4 h5+ (30... d6+ 31. e6 h5+ (31... Re8
$2 32. Be4#) 32. Kf4 Re8 33. Be4+ Kh6 34. d5 $18) 31. Kf4 Bb7 32. Rf5 Bxd5 33.
cxd5 b5 34. d6 a5 35. Ke4 b4 36. axb4 axb4 37. Rg5+ Kh6 (37... Kf7 38. Rxh5 b3
39. Rf5+ $18) 38. e6 (38. Rg3 Rb8 39. Rb3 g5 40. hxg5+ Kxg5 41. d5 h4 42. e6
$18) 38... dxe6 39. Ke5 b3 40. Rg2 g5 41. Kxe6 (41. hxg5+ Kg6 42. Kxe6 Re8+ 43.
Kd5 h4 44. d7 $18) (41. Rxg5 b2 42. Rg1 Rb8 43. d7 $18) 41... gxh4 42. Ke7 Rb8
43. d7 b2 44. Rxb2 Rxb2 45. d8=Q h3 46. Qd6+ Kh7 47. Qe5 h2 48. Qxh5+ Kg8 49.
d5 Rb7+ 50. Kf6 Rb6+ 51. Ke5 Rb2 52. Ke6 Re2+ 53. Kd7 (53. Qxe2 h1=Q) 53... Ra2
54. d6 Ra7+ 55. Ke6 (55. Ke6 Rh7 56. Qg6+ Kh8 57. d7 Rxd7 58. Qe8+ Kh7 59.
Qxd7+ $19) 1-0